Ecuaciones diferenciales ordinarias /

Guardado en:
Autor Principal: Roxin, Emilio O.
Otros Autores: Spinadel, Vera W. de.
Formato: Libro
Idioma:Spanish
Publicado: [Buenos Aires] : Eudeba, 1976.
Edición:Nueva ed. corr. y ampl.
Etiquetas: Agregar Etiqueta
Sin Etiquetas, Sea el primero en etiquetar este registro!
LEADER 01237nam a22002055a 4500
001 MAT.inmabb003073
008 051024s1976####ag#a#####b####000#0#spa#d
005 20130320122233.0
245 1 0 |a Ecuaciones diferenciales ordinarias /  |c Emilio O. Roxin, Vera W. de Spinadel. 
250 |a Nueva ed. corr. y ampl. 
260 |a [Buenos Aires] :  |b Eudeba,  |c 1976. 
300 |a x, 371 p. :  |b il. ;  |c 22 cm. 
500 |a Publicado previamente como: Ecuaciones diferenciales ordinarias y teoría de control. Eudeba, 1968. 
504 |a Incluye referencias bibliográficas. 
505 8 |a Capítulos: 1. Generalidades. Métodos elementales -- 2. Teoremas de existencia y unicidad -- 3. Ecuaciones diferenciales lineales -- 4. Sistemas lineales con coeficientes constantes -- 5. Aplicaciones -- 6. Espacio de fases o estados. Teoría geométrica -- 7. Sistemas autónomos bidimensionales. Puntos críticos -- 8. Sistemas autónomos bidimensionales. Estudio global -- 9. Ecuación de segundo orden -- 10. Teoría de la estabilidad. 
100 1 |a Roxin, Emilio O. 
700 1 |a Spinadel, Vera W. de. 
700 1 |a Roxin, Emilio O.  |t Ecuaciones diferenciales ordinarias y teoría de control.  |4 ant 
084 |a 34-01  |2 msc2000 
859 |h 34  |i R887  |p A-4424  |b BIB. MATEMATICA